Educación de calidad para todos: políticas educacionales y culturales informe de gestión 1990-1994

Saved in:
Bibliographic Details
Format: Book
Language:Spanish
Published: Santiago Ministerio de Educación 1994
Subjects:
Tags: Add Tag
No Tags, Be the first to tag this record!

MARC

LEADER 00000nam a2200000 a 4500
001 UCY1408
003 CL-VaPUC
008 940831e19940000CL |||||||||||||||||spa|d
082 0 4 |a 379.83  |b MIN  |2 21 
245 1 0 |a Educación de calidad para todos: políticas educacionales y culturales informe de gestión 1990-1994 
300 |a 128 p 
942 |c BK 
945 |d 19940831 00:00:00  |a rbrito 
260 |a Santiago  |b Ministerio de Educación  |c 1994 
650 0 |a Política educacional  |9 308011 
651 7 |a CHILE  |2 CL-VaPUC  |9 329387 
583 |a last modification  |c 20180115 01:07:17  |k Rodrigo Vera 
999 |c 230121  |d 230119 
952 |0 0  |1 0  |4 0  |6 379_830000000000000_MIN_1994  |7 0  |8 P  |9 232136  |a BIBEDU  |b BIBEDU  |c BIBEDU_PB  |d 2019-11-15  |i 3011887  |o 379.83 MIN 1994  |p 3011887  |r 2024-01-25  |w 2019-11-15  |y BK  |k EDU 
952 |0 0  |1 0  |4 0  |6 379_830000000000000_MIN_1994  |7 0  |8 P  |9 232137  |a BIBEDU  |b BIBEDU  |c BIBEDU_PB  |d 2019-11-15  |i 3011895  |o 379.83 MIN 1994  |p 3011895  |r 2024-01-25  |w 2019-11-15  |y BK  |k EDU